[Event "Asia-ch"]
[Site "Al Ain"]
[Date "2025.05.15"]
[Round "9"]
[White "Muhammed, Shuaau"]
[Black "Rashid Husain, Alhammadi"]
[Result "1-0"]
[WhiteElo "2082"]
[BlackElo "1853"]
[PlyCount "107"]
[EventDate "2025.05.07"]
[EventType "swiss"]
[EventRounds "9"]
[EventCountry "UAE"]
[SourceTitle "CB21_2025"]
[SourceDate "2025.05.21"]
[SourceVersion "1"]
[SourceVersionDate "2025.05.21"]
[SourceQuality "1"]

1. e4 e5 2. Nf3 Nc6 3. d4 exd4 4. Nxd4 Nf6 5. Nxc6 bxc6 6. e5 Qe7 7. Qe2 Nd5 8. c4 Ba6 9. Nd2 Nb4 10. Nf3 d5 11. a3 Bxc4 12. Qd1 Bxf1 13. Kxf1 Na6 14. Be3 Qd7 15. e6 Qd6 16. Qa4 Nc5 17. exf7+ Kxf7 18. Bxc5 Qxc5 19. Qf4+ Kg8 20. Ne5 Qe7 21. Nxc6 Qe6 22. Rc1 Re8 23. Qd2 Bd6 24. h4 Kf7 25. Rh3 Rhf8 26. Re3 Qg4 27. Qxd5+ Kg6 28. Rc4 Qf5 29. Qxf5+ Kxf5 30. Rxe8 Rxe8 31. Nxa7 Rb8 32. b4 Ke6 33. Nc6 Ra8 34. Rc3 Kd5 35. Ke2 Re8+ 36. Kd3 Rf8 37. Ke2 Re8+ 38. Kd3 Rf8 39. f3 Rf4 40. Na5 Rd4+ 41. Kc2 Rxh4 42. Rd3+ Ke6 43. Kb3 h5 44. Nc4 Bf4 45. a4 Rh1 46. a5 Ra1 47. b5 Bd6 48. Nxd6 cxd6 49. a6 Kd7 50. Kb4 Kc7 51. Ra3 Rb1+ 52. Ka5 h4 53. Rc3+ Kb8 54. Kb6 1-0

[Event "Asia zt 3.2"]
[Site "Colombo"]
[Date "2025.03.18"]
[Round "9"]
[White "Muhammed, Shuaau"]
[Black "Amarathunga, Kosala Sandeepa Cha"]
[Result "1-0"]
[WhiteElo "2107"]
[BlackElo "2010"]
[PlyCount "137"]
[EventDate "2025.03.11"]
[EventType "swiss"]
[EventRounds "9"]
[EventCountry "SRI"]
[SourceTitle "CB13_2025"]
[SourceDate "2025.03.26"]
[SourceVersion "1"]
[SourceVersionDate "2025.03.26"]
[SourceQuality "1"]

1. e4 e6 2. d4 d5 3. Nd2 h6 4. Ngf3 Nf6 5. Bd3 c5 6. c3 cxd4 7. Nxd4 Nc6 8. Nxc6 bxc6 9. 0-0 Be7 10. Qe2 Qc7 11. Nf3 Bb7 12. e5 Nd7 13. Re1 a6 14. b4 c5 15. Bd2 0-0 16. Bc2 Rfd8 17. Qd3 Nf8 18. bxc5 Bxc5 19. Nd4 Rac8 20. Rac1 Qe7 21. Qg3 Kh8 22. Qg4 Nh7 23. h4 Rg8 24. Kh1 Bc6 25. f4 Bd7 26. Bd3 f5 27. Qh3 Rb8 28. Rb1 a5 29. g4 g6 30. Rg1 Bxd4 31. cxd4 Qa3 32. Rxb8 Rxb8 33. gxf5 exf5 34. Rxg6 Rb1+ 35. Kh2 Rd1 36. Rg2 Qxa2 37. Bc3 Qa3 38. Qg3 Qf8 39. Bxa5 Qf7 40. Bb4 Ra1 41. Bd6 Be6 42. Qg6 Qxg6 43. Rxg6 Bf7 44. Rg2 Be6 45. Bb5 Rb1 46. Be8 Re1 47. Rg6 Bg8 48. e6 Rxe6 49. Be5+ Rxe5 50. fxe5 Nf8 51. Rxh6+ Kg7 52. Rb6 Ne6 53. Rb4 Nf8 54. Kg3 Bh7 55. Rb7+ Kh6 56. Bf7 f4+ 57. Kxf4 Be4 58. e6 Kg7 59. Bh5+ Kh6 60. e7 Ne6+ 61. Ke5 Bg6 62. Bxg6 Ng7 63. h5 Kg5 64. e8Q Nxe8 65. Bxe8 Kh6 66. Kxd5 Kg5 67. Ke5 Kh6 68. d5 Kg5 69. Rh7 1-0

[Event "Asia zt 3.2"]
[Site "Colombo"]
[Date "2025.03.12"]
[Round "3"]
[White "Muhammed, Shuaau"]
[Black "Liyanage, Pesandu Rashmitha"]
[Result "0-1"]
[WhiteElo "2107"]
[BlackElo "2039"]
[PlyCount "56"]
[EventDate "2025.03.11"]
[EventType "swiss"]
[EventRounds "9"]
[EventCountry "SRI"]
[SourceTitle "CB13_2025"]
[SourceDate "2025.03.26"]
[SourceVersion "1"]
[SourceVersionDate "2025.03.26"]
[SourceQuality "1"]

1. e4 c5 2. Nf3 Nc6 3. d4 cxd4 4. Nxd4 g6 5. c4 Nf6 6. Nc3 d6 7. f3 Nxd4 8. Qxd4 Bg7 9. Be3 0-0 10. Qd2 Be6 11. Be2 Rc8 12. Nd5 Nxd5 13. cxd5 Bd7 14. 0-0 a6 15. Rac1 e6 16. Bc4 Rxc4 17. Rxc4 Bb5 18. b3 Bxc4 19. bxc4 Qd7 20. Qb4 exd5 21. cxd5 Rc8 22. a4 Bc3 23. Qb3 b5 24. axb5 axb5 25. h3 b4 26. Qd1 Qb5 27. Qb3 Ra8 28. Rb1 Qe2 0-1

[Event "Olympiad-45"]
[Site "Budapest"]
[Date "2024.09.22"]
[Round "11.1"]
[White "Cabralis, Quinn"]
[Black "Muhammed, Shuaau"]
[Result "1/2-1/2"]
[WhiteElo "2169"]
[BlackElo "2052"]
[PlyCount "185"]
[EventDate "2024.09.11"]
[EventType "team-swiss"]
[EventRounds "11"]
[EventCountry "HUN"]
[SourceTitle "EXT 2025"]
[Source "ChessBase"]
[SourceDate "2024.10.14"]
[SourceVersion "1"]
[SourceVersionDate "2024.10.14"]
[SourceQuality "1"]
[WhiteTeam "Trinidad and Tobago"]
[BlackTeam "Maldives"]
[WhiteTeamCountry "TRI"]
[BlackTeamCountry "MDV"]

1. e4 e5 2. Nf3 Nc6 3. Bb5 a6 4. Ba4 Nf6 5. 0-0 Be7 6. Re1 b5 7. Bb3 d6 8. c3 0-0 9. h3 Nb8 10. d4 Nbd7 11. c4 c6 12. Qc2 Bb7 13. a3 bxc4 14. Bxc4 exd4 15. Nxd4 d5 16. exd5 cxd5 17. Ba2 Rc8 18. Nc3 Ne4 19. Be3 Nxc3 20. bxc3 Bf6 21. Rad1 Qa5 22. Bb1 g6 23. Bh6 Rfe8 24. Rxe8+ Rxe8 25. Qb3 Nc5 26. Qb4 Qxb4 27. cxb4 Ne4 28. Bxe4 dxe4 29. Nb3 Bc6 30. Rd6 Re6 31. Rxe6 fxe6 32. Bc1 Be7 33. Kf1 Kf7 34. Bb2 Bd5 35. Nd2 Bg5 36. Nb1 e3 37. Nc3 Bc4+ 38. Ke1 exf2+ 39. Kxf2 Bd3 40. Kf3 Bf6 41. Nd1 e5 42. Ke3 Bc4 43. Nf2 Bg5+ 44. Kf3 Ke6 45. Ng4 e4+ 46. Kf2 h5 47. Ne3 Bd3 48. Bd4 Bf4 49. g3 Be5 50. Bc5 Bb5 51. h4 Bb2 52. Nc2 Bd3 53. Bd4 Bc1 54. Be3 Bb2 55. Bd4 Bc1 56. Be3 Bxe3+ 57. Nxe3 Ke5 58. a4 Kd4 59. Ng2 Kc3 60. b5 axb5 61. axb5 Bxb5 62. Ke3 Bd7 63. Nf4 Bf5 64. Ng2 Kc4 65. Nf4 Kc5 66. Ng2 Kd5 67. Nf4+ Ke5 68. Ng2 Be6 69. Nf4 Bf7 70. Ng2 Kf5 71. Kf2 Be6 72. Nf4 Bb3 73. Ng2 Bf7 74. Nf4 g5 75. Ng2 gxh4 76. Nxh4+ Kg4 77. Ng2 Be8 78. Ne3+ Kg5 79. Ng2 Kf5 80. Ne3+ Ke5 81. Nc4+ Kd4 82. Ne3 Bd7 83. Nc2+ Kd3 84. Nb4+ Kc4 85. Nc2 Kc3 86. Ne3 Kd3 87. Nd5 Bg4 88. Ne3 Kd4 89. Ng2 Ke5 90. Ne3 Bf3 91. Nc4+ Kf5 92. Ne3+ Kg5 93. Nc4 1/2-1/2

[Event "Olympiad-45"]
[Site "Budapest"]
[Date "2024.09.20"]
[Round "9.1"]
[White "Gabriel, Davidson"]
[Black "Muhammed, Shuaau"]
[Result "1/2-1/2"]
[WhiteElo "2043"]
[BlackElo "2052"]
[PlyCount "130"]
[EventDate "2024.09.11"]
[EventType "team-swiss"]
[EventRounds "11"]
[EventCountry "HUN"]
[SourceTitle "EXT 2025"]
[Source "ChessBase"]
[SourceDate "2024.10.14"]
[SourceVersion "1"]
[SourceVersionDate "2024.10.14"]
[SourceQuality "1"]
[WhiteTeam "Haiti"]
[BlackTeam "Maldives"]
[WhiteTeamCountry "HAI"]
[BlackTeamCountry "MDV"]

1. e4 e5 2. Nf3 Nc6 3. Bc4 Nf6 4. d3 Be7 5. 0-0 0-0 6. Nc3 d6 7. h3 Na5 8. Bb5 a6 9. Ba4 b5 10. Bb3 Nxb3 11. axb3 Bb7 12. Qe2 c5 13. Bd2 Nd7 14. Nh2 b4 15. Nd1 f5 16. exf5 Rxf5 17. Qg4 Rf6 18. Qh5 Rg6 19. Ng4 Nf6 20. Nxf6+ gxf6 21. f3 Qe8 22. Kh1 Qf7 23. Ne3 Kh8 24. Nf5 Qe6 25. Nh4 Rgg8 26. Nf5 Raf8 27. g4 d5 28. Rae1 Bd8 29. Kh2 Bc7 30. f4 Qd7 31. fxe5 fxe5 32. Nh6 e4+ 33. Kg2 Qd6 34. Nxg8 Rxg8 35. Rf7 Qh2+ 36. Kf1 Rg7 37. Rf8+ Rg8 38. Rxg8+ Kxg8 39. Qe8+ Kg7 40. Qe7+ Kg8 41. Qe6+ Kh8 42. Bh6 Qxh3+ 43. Ke2 Qf3+ 44. Kd2 Bf4+ 45. Bxf4 Qxf4+ 46. Kd1 Kg7 47. Qe7+ Qf7 48. Qxf7+ Kxf7 49. dxe4 dxe4 50. Rf1+ Kg6 51. Kd2 Bc8 52. Rf4 Kg5 53. Rxe4 Bxg4 54. Re5+ Kf4 55. Rxc5 h5 56. Ke1 Kg3 57. Rg5 h4 58. Kf1 h3 59. Kg1 h2+ 60. Kh1 Kh3 61. Rxg4 Kxg4 62. Kxh2 Kf3 63. c4 bxc3 64. bxc3 Ke3 65. Kg2 a5 1/2-1/2

[Event "Commonwealth-ch 2324"]
[Site "Melaka"]
[Date "2024.02.21"]
[Round "2"]
[White "Muhammed, Shuaau"]
[Black "Tin, Jingyao"]
[Result "1/2-1/2"]
[WhiteElo "2076"]
[BlackElo "2563"]
[PlyCount "59"]
[EventDate "2024.02.20"]
[EventType "swiss"]
[EventRounds "11"]
[EventCountry "MAS"]
[SourceTitle "EXT 2025"]
[Source "ChessBase"]
[SourceDate "2024.10.14"]
[SourceVersion "1"]
[SourceVersionDate "2024.10.14"]
[SourceQuality "1"]

1. e4 c5 2. Nf3 e6 3. d4 cxd4 4. Nxd4 Nc6 5. Nc3 Qc7 6. Be3 a6 7. Qf3 b5 8. Nxc6 Qxc6 9. Bd3 b4 10. Ne2 Bb7 11. Qg3 Rc8 12. 0-0 Nf6 13. f3 Bc5 14. Bxc5 Qxc5+ 15. Qf2 Qxf2+ 16. Kxf2 d5 17. exd5 Nxd5 18. Rfc1 Kd7 19. a3 bxa3 20. Rxa3 Nb4 21. Rd1 Ke7 22. c3 Nxd3+ 23. Rxd3 Rhd8 24. Rxd8 Rxd8 25. Ke3 Rd1 26. b4 e5 27. Ra5 f6 28. Ng3 Re1+ 29. Kf2 Rd1 30. Nf5+ 1/2-1/2

[Event "World Amateur-ch U2300"]
[Site "Muscat"]
[Date "2023.11.07"]
[Round "6"]
[White "Muhammed, Shuaau"]
[Black "Buchnicek, Petr"]
[Result "1-0"]
[WhiteElo "2072"]
[BlackElo "2219"]
[PlyCount "141"]
[EventDate "2023.11.02"]
[EventType "swiss"]
[EventRounds "9"]
[EventCountry "OMN"]
[SourceTitle "CBM 217 Extra"]
[Source "ChessBase"]
[SourceDate "2024.01.31"]
[SourceVersion "1"]
[SourceVersionDate "2024.01.31"]
[SourceQuality "1"]

1. e4 e6 2. d4 d5 3. Nd2 dxe4 4. Nxe4 Nd7 5. Nf3 Ngf6 6. Nxf6+ Nxf6 7. Bd3 Be7 8. 0-0 0-0 9. c4 b6 10. b3 Bb7 11. Bb2 Rc8 12. Qe2 c5 13. Rad1 Qc7 14. Rfe1 cxd4 15. Bxd4 Qf4 16. Be5 Qg4 17. h3 Qh5 18. Nd4 Bb4 19. Qxh5 Nxh5 20. Be4 Bxe4 21. Rxe4 Rfd8 22. Rb1 Nf6 23. Re2 Nd7 24. Nc2 Nxe5 25. Nxb4 Ng6 26. g3 Rd6 27. Nc2 Rcd8 28. Na3 Rd2 29. Rb2 Rxb2 30. Rxb2 a6 31. Kf1 Ne5 32. Re2 Nc6 33. Nc2 Rd1+ 34. Kg2 Kf8 35. Ne3 Ra1 36. Rd2 Ke7 37. Nd1 Nb4 38. Nc3 Rc1 39. Ne2 Rc2 40. Rxc2 Nxc2 41. Kf3 Kd6 42. Nc3 Nb4 43. Ke3 e5 44. Kd2 f5 45. a3 Nc6 46. Ne2 e4 47. h4 g6 48. Nf4 Ne7 49. b4 Ke5 50. Kc3 Kd6 51. a4 Ke5 52. b5 a5 53. Ng2 Ng8 54. Ne3 Nf6 55. c5 bxc5 56. Nc4+ Kd5 57. Nxa5 e3 58. fxe3 Ne4+ 59. Kd3 Nd6 60. Nc6 c4+ 61. Kc3 Kc5 62. Nd4 Ne4+ 63. Kc2 Kb4 64. b6 Nc5 65. Ne6 Nd7 66. b7 Nb8 67. Nf8 Kxa4 68. Nxh7 Kb5 69. Nf8 Kc6 70. Nxg6 Kxb7 71. h5 1-0

[Event "Titled Tuesday intern op 27th Jun Late"]
[Site "Chess.com INT"]
[Date "2023.06.27"]
[Round "5"]
[White "Muhammed, Shuaau"]
[Black "Toncheva, Nadya"]
[Result "1-0"]
[WhiteElo "2001"]
[BlackElo "2263"]
[PlyCount "91"]
[EventDate "2023.06.27"]
[EventType "swiss (blitz)"]
[EventRounds "11"]
[EventCountry "USA"]
[SourceTitle "EXT 2024"]
[Source "ChessBase"]
[SourceDate "2023.10.10"]
[SourceVersion "1"]
[SourceVersionDate "2023.10.10"]
[SourceQuality "1"]

1. e4 c5 2. Nf3 Nc6 3. d4 cxd4 4. Nxd4 g6 5. Nc3 Bg7 6. Be3 Nf6 7. Qd2 0-0 8. 0-0-0 d5 9. exd5 Nxd5 10. Nxc6 bxc6 11. Bd4 Nf6 12. f3 Qc7 13. Bc4 Rd8 14. Qe3 Ne8 15. Bxg7 Nxg7 16. g4 Be6 17. Bxe6 Nxe6 18. h4 Qf4 19. Qxf4 Nxf4 20. Rhe1 Kf8 21. Ne4 Ng2 22. Rh1 Rxd1+ 23. Kxd1 Rd8+ 24. Ke2 Nf4+ 25. Ke3 Nd5+ 26. Ke2 Nb4 27. c3 Nd3 28. b3 Kg7 29. Ke3 Ne5 30. Nf2 f5 31. gxf5 gxf5 32. f4 Nf7 33. Rd1 Nd6 34. c4 Kf6 35. c5 Nb7 36. Rxd8 Nxd8 37. Nd3 Ke6 38. Kd4 Nf7 39. b4 a6 40. a4 Kd7 41. Ne5+ Ke6 42. Nxc6 h5 43. b5 axb5 44. axb5 Nh8 45. Ne5 Kf6 46. c6 1-0

[Event "Titled Tuesday intern op 16th May Early"]
[Site "Chess.com INT"]
[Date "2023.05.16"]
[Round "4"]
[White "Muhammed, Shuaau"]
[Black "Skiadopoulos, Nikolaos"]
[Result "0-1"]
[WhiteElo "1998"]
[BlackElo "1896"]
[PlyCount "66"]
[EventDate "2023.05.16"]
[EventType "swiss (blitz)"]
[EventRounds "11"]
[EventCountry "USA"]
[SourceTitle "CBM 214 Extra"]
[Source "ChessBase"]
[SourceDate "2023.07.31"]
[SourceVersion "1"]
[SourceVersionDate "2023.07.31"]
[SourceQuality "1"]

1. e4 c5 2. Nf3 Nc6 3. Nc3 a6 4. a4 e6 5. Bc4 Nge7 6. d4 cxd4 7. Nxd4 Nxd4 8. Qxd4 Nc6 9. Qd3 Ne5 10. Qe2 Nxc4 11. Qxc4 b5 12. Qd4 b4 13. Na2 a5 14. 0-0 Qc7 15. Be3 e5 16. Qd2 Bc5 17. c3 b3 18. Nc1 Rb8 19. Bxc5 Qxc5 20. Ra3 Ba6 21. Re1 Bc4 22. Nd3 Bxd3 23. Qxd3 0-0 24. Qxd7 Rfd8 25. Qg4 Rd2 26. Rb1 Qxf2+ 27. Kh1 Rxb2 28. Rd1 Rd2 29. Rb1 b2 30. Rb3 Rbd8 31. h3 h5 32. Qf3 Qxf3 33. gxf3 Rd1+ 0-1

[Event "Asia zt 3.2"]
[Site "Dhaka"]
[Date "2023.05.04"]
[Round "3"]
[White "Muhammed, Shuaau"]
[Black "Ananda Kumar, Sarma"]
[Result "1-0"]
[WhiteElo "1998"]
[BlackElo "1623"]
[PlyCount "95"]
[EventDate "2023.05.02"]
[EventType "swiss"]
[EventRounds "9"]
[EventCountry "BAN"]
[SourceTitle "CBM 214 Extra"]
[Source "ChessBase"]
[SourceDate "2023.07.31"]
[SourceVersion "1"]
[SourceVersionDate "2023.07.31"]
[SourceQuality "1"]

1. e4 g6 2. d4 Bg7 3. f4 d5 4. e5 a5 5. a4 b6 6. Be3 Ba6 7. Bd3 Bxd3 8. Qxd3 Qd7 9. Nf3 e6 10. 0-0 Ne7 11. Nc3 Na6 12. Nb5 c6 13. Nd6+ Kf8 14. Ng5 f6 15. exf6 Bxf6 16. Ndf7 Kg7 17. Nxh8 Kxh8 18. Bf2 Nc7 19. Rae1 Nf5 20. g4 Nd6 21. Nf3 Ne4 22. Ne5 Qe8 23. Rxe4 dxe4 24. Qxe4 b5 25. b3 Ra6 26. Nd3 bxa4 27. Nc5 Rb6 28. Nxa4 Ra6 29. Nc5 Rb6 30. Re1 Rb4 31. c3 Rb5 32. g5 Rxc5 33. dxc5 Bxc3 34. Bd4+ Bxd4+ 35. Qxd4+ Kg8 36. Qd6 Qf7 37. Kf2 Nd5 38. Kg3 Qb7 39. Qxe6+ Kg7 40. Qe5+ Kg8 41. Kg4 Kf7 42. Qe8+ Kg7 43. Re6 Qc7 44. Rd6 h5+ 45. gxh6+ Kh7 46. Qxg6+ Kh8 47. Rd8+ Qxd8 48. Qg7# 1-0

[Event "Asian Continental Blitz op 19th"]
[Site "Delhi"]
[Date "2022.11.03"]
[Round "7"]
[White "Muhammed, Shuaau"]
[Black "Liyanage, Ranindu Dilshan"]
[Result "0-1"]
[WhiteElo "2035"]
[BlackElo "2331"]
[PlyCount "90"]
[EventDate "2022.11.03"]
[EventType "swiss (blitz)"]
[EventRounds "9"]
[EventCountry "IND"]
[SourceTitle "EXT 2024"]
[Source "ChessBase"]
[SourceDate "2023.10.10"]
[SourceVersion "1"]
[SourceVersionDate "2023.10.10"]
[SourceQuality "1"]

1. d4 Nf6 2. f4 g6 3. e3 Bg7 4. Nf3 d6 5. Bd3 Nc6 6. c3 0-0 7. 0-0 e5 8. fxe5 dxe5 9. Bc4 Qe7 10. a4 Bf5 11. a5 Rad8 12. Qb3 b6 13. a6 h6 14. Qa3 Qxa3 15. Nxa3 exd4 16. exd4 Na5 17. Bf4 Nxc4 18. Nxc4 Bd3 19. Nce5 Bxf1 20. Kxf1 Nd5 21. Bg3 Rfe8 22. Nc6 Ra8 23. Kf2 Re6 24. Nce5 Ne7 25. c4 c6 26. Rd1 Rd8 27. b3 Nf5 28. d5 cxd5 29. cxd5 Red6 30. Nxf7 Kxf7 31. Bxd6 Nxd6 32. Ke3 Rc8 33. Kd3 Rc3+ 34. Ke2 Rxb3 35. Rc1 Rc3 36. Rd1 Rc2+ 37. Kf1 Ra2 38. Rc1 Ra1 39. Rxa1 Bxa1 40. Ke2 Ne4 41. Kd3 Nc5+ 42. Kc4 Nxa6 43. d6 Ke6 44. Kb5 Nb8 45. Ng1 Ke5 0-1

[Event "Asian Continental op 19th"]
[Site "Delhi"]
[Date "2022.11.03"]
[Round "9"]
[White "Muhammed, Shuaau"]
[Black "Ratnakaran, Kantoli"]
[Result "0-1"]
[WhiteElo "2010"]
[BlackElo "2329"]
[PlyCount "58"]
[EventDate "2022.10.26"]
[EventType "swiss"]
[EventRounds "9"]
[EventCountry "IND"]
[SourceTitle "EXT 2024"]
[Source "ChessBase"]
[SourceDate "2023.10.10"]
[SourceVersion "1"]
[SourceVersionDate "2023.10.10"]
[SourceQuality "1"]

1. e4 e6 2. d4 d5 3. Nd2 Nf6 4. e5 Nfd7 5. Bd3 c5 6. c3 Nc6 7. Ne2 cxd4 8. cxd4 f6 9. exf6 Nxf6 10. Nf3 Bd6 11. 0-0 Qc7 12. h3 0-0 13. Be3 Bd7 14. Re1 Rae8 15. Rc1 a6 16. a3 Qb8 17. Nc3 Re7 18. b4 Be8 19. Qc2 b5 20. Ng5 g6 21. Nf3 Nh5 22. Bg5 Ref7 23. Rxe6 Rxf3 24. Rxe8 Qxe8 25. gxf3 Nxd4 26. Qa2 Nxf3+ 27. Kh1 Nxg5 28. Qxd5+ Nf7 29. Ne4 Qe5 0-1

[Event "Asian Continental Blitz op 19th"]
[Site "Delhi"]
[Date "2022.11.03"]
[Round "3"]
[White "Srihari, LR."]
[Black "Muhammed, Shuaau"]
[Result "1-0"]
[WhiteElo "2436"]
[BlackElo "2035"]
[PlyCount "95"]
[EventDate "2022.11.03"]
[EventType "swiss (blitz)"]
[EventRounds "9"]
[EventCountry "IND"]
[SourceTitle "EXT 2024"]
[Source "ChessBase"]
[SourceDate "2023.10.10"]
[SourceVersion "1"]
[SourceVersionDate "2023.10.10"]
[SourceQuality "1"]

1. d4 d5 2. c4 e6 3. Nc3 Nf6 4. Bg5 Be7 5. e3 Nbd7 6. Qc2 h6 7. Bh4 0-0 8. Nf3 c5 9. dxc5 dxc4 10. Bxc4 Nxc5 11. 0-0 a6 12. Rfd1 Qc7 13. Bg3 Qa5 14. a3 Qb6 15. b4 Ncd7 16. Nd4 Qa7 17. Be2 Nb6 18. Rac1 Bd7 19. Nb3 Na4 20. Rxd7 Nxd7 21. Nxa4 b5 22. Nac5 Rac8 23. f3 Nb6 24. Bf2 Qa8 25. Bd3 Nd5 26. Be4 Rfd8 27. Rd1 Qb8 28. Bxd5 Rxd5 29. Rxd5 exd5 30. Qf5 Rd8 31. Nd4 Qc8 32. Qc2 Bf6 33. Ne2 Be7 34. h3 Bf6 35. Nf4 d4 36. e4 Be5 37. Nfd3 f6 38. Qb3+ Kh8 39. f4 Bd6 40. Bxd4 Bxf4 41. Nxf4 Rxd4 42. Nfd3 Qd8 43. Qc2 Qe7 44. Kh1 Rd8 45. Nf4 Qc7 46. Nfe6 Qd6 47. Nxd8 Qxd8 48. Nxa6 1-0

[Event "Asian Continental op 19th"]
[Site "Delhi"]
[Date "2022.11.01"]
[Round "7"]
[White "Muhammed, Shuaau"]
[Black "Nitin, Senthilvel"]
[Result "1/2-1/2"]
[WhiteElo "2010"]
[BlackElo "2407"]
[PlyCount "102"]
[EventDate "2022.10.26"]
[EventType "swiss"]
[EventRounds "9"]
[EventCountry "IND"]
[SourceTitle "EXT 2024"]
[Source "ChessBase"]
[SourceDate "2023.10.10"]
[SourceVersion "1"]
[SourceVersionDate "2023.10.10"]
[SourceQuality "1"]

1. e4 g6 2. d4 Bg7 3. Nf3 d6 4. Bc4 c6 5. c3 Nf6 6. Qe2 0-0 7. Bb3 a5 8. 0-0 Bg4 9. Nbd2 a4 10. Bc2 e5 11. dxe5 dxe5 12. h3 Bxf3 13. Nxf3 Nbd7 14. Be3 Qc7 15. Rfd1 Rfe8 16. a3 Bf8 17. Nd2 Nc5 18. Bxc5 Bxc5 19. Nc4 Nh5 20. Kh2 Nf4 21. Qf3 b5 22. Ne3 Bxe3 23. Qxe3 Ne6 24. Rd2 Qa7 25. Qf3 Kg7 26. Rad1 Rad8 27. g3 Rxd2 28. Rxd2 Rd8 29. Qd1 Qe7 30. Kg2 Rxd2 31. Qxd2 Nc5 32. c4 Ne6 33. cxb5 cxb5 34. Qd5 Nd4 35. Bd3 Qe8 36. h4 f6 37. Kf1 Qc8 38. Kg2 Qe8 39. Kf1 Qf7 40. Qc5 Qb3 41. Qc7+ Kh6 42. Qc1+ g5 43. hxg5+ fxg5 44. Qc3 Qd1+ 45. Kg2 Qf3+ 46. Kg1 Kh5 47. Bxb5 Qxe4 48. Be8+ Kh6 49. Qc5 Nf3+ 50. Kf1 Nd2+ 51. Kg1 Nf3+ 1/2-1/2

[Event "Asian Continental op 19th"]
[Site "Delhi"]
[Date "2022.10.31"]
[Round "6"]
[White "Prraneeth, Vuppala"]
[Black "Muhammed, Shuaau"]
[Result "1/2-1/2"]
[WhiteElo "2451"]
[BlackElo "2010"]
[PlyCount "101"]
[EventDate "2022.10.26"]
[EventType "swiss"]
[EventRounds "9"]
[EventCountry "IND"]
[SourceTitle "EXT 2024"]
[Source "ChessBase"]
[SourceDate "2023.10.10"]
[SourceVersion "1"]
[SourceVersionDate "2023.10.10"]
[SourceQuality "1"]

1. e4 e5 2. Nf3 Nc6 3. Bc4 Nf6 4. d3 Be7 5. 0-0 0-0 6. Nc3 d6 7. a4 Na5 8. Ba2 c5 9. Bg5 Ne8 10. Bxe7 Qxe7 11. Nd5 Qd8 12. Nd2 Nc7 13. f4 Nxd5 14. Bxd5 exf4 15. Rxf4 Be6 16. Qh5 h6 17. Raf1 Qg5 18. Qf3 Nc6 19. Bxc6 bxc6 20. Nc4 Bxc4 21. dxc4 Qe7 22. Rg4 Qe5 23. b3 Rad8 24. Rf4 Qe6 25. Rd1 Rd7 26. h3 Rfd8 27. Rf5 Re8 28. Rd3 a6 29. Qg4 Qxe4 30. Qxe4 Rxe4 31. Rxc5 dxc5 32. Rxd7 Re2 33. Ra7 Rxc2 34. Ra8+ Kh7 35. Rxa6 Rc1+ 36. Kh2 Rb1 37. Rb6 f5 38. a5 f4 39. a6 g5 40. a7 Ra1 41. Rxc6 Rxa7 42. Rxc5 Ra2 43. Kg1 Kg6 44. Rc6+ Kh5 45. Rd6 Rb2 46. Rd3 Rc2 47. Kf1 Kh4 48. Rf3 h5 49. Kg1 g4 50. hxg4 hxg4 51. Rf2 1/2-1/2

[Event "Dhaka Sheikh Russel op"]
[Site "Dhaka"]
[Date "2022.10.15"]
[Round "3.1"]
[White "De Silva, LMST"]
[Black "Muhammed, Shuaau"]
[Result "1-0"]
[WhiteElo "2516"]
[BlackElo "2010"]
[PlyCount "81"]
[EventDate "2022.10.13"]
[EventType "team-tourn"]
[EventRounds "5"]
[EventCountry "BAN"]
[SourceTitle "CBM 210 Extra"]
[Source "ChessBase"]
[SourceDate "2022.11.30"]
[SourceVersion "1"]
[SourceVersionDate "2022.11.30"]
[SourceQuality "1"]
[WhiteTeam "Sri Lanka"]
[BlackTeam "Maldives"]
[WhiteTeamCountry "SRI"]
[BlackTeamCountry "MDV"]

1. e4 e5 2. Nf3 Nc6 3. Bc4 Nf6 4. d3 Be7 5. 0-0 0-0 6. Nc3 d6 7. a4 Na5 8. Ba2 c5 9. Bg5 Nc6 10. Bxf6 Bxf6 11. Nd5 Be6 12. Qd2 g6 13. c3 Bg7 14. Ng5 h6 15. Nxe6 fxe6 16. Ne3 Qd7 17. g3 Kh7 18. f4 exf4 19. gxf4 Ne7 20. Qg2 Rad8 21. Bb3 d5 22. Qh3 c4 23. dxc4 dxe4 24. Bc2 Qc6 25. Qg2 Nf5 26. Bxe4 Qb6 27. Rae1 a5 28. Kh1 Rg8 29. Rg1 Bh8 30. Ng4 Qd6 31. Bc2 h5 32. c5 Qd2 33. Re2 Qd5 34. Qxd5 Rxd5 35. Nf2 Rxc5 36. Rxe6 Nh4 37. Ne4 Rc7 38. Ng5+ Kg7 39. Nf3 Kf7 40. Bb3 Nxf3 41. Rc6+ 1-0

[Event "Olympiad-44"]
[Site "Chennai"]
[Date "2022.07.31"]
[Round "3.1"]
[White "Enemchukwu, Chinedu Benjamin"]
[Black "Muhammed, Shuaau"]
[Result "1/2-1/2"]
[WhiteElo "1889"]
[BlackElo "1987"]
[PlyCount "94"]
[EventDate "2022.07.29"]
[EventType "team-swiss"]
[EventRounds "11"]
[EventCountry "IND"]
[SourceTitle "CBM 210"]
[Source "ChessBase"]
[SourceDate "2022.10.31"]
[SourceVersion "1"]
[SourceVersionDate "2022.10.31"]
[SourceQuality "1"]
[WhiteTeam "Saint Vincent and the Grenadines"]
[BlackTeam "Maldives"]
[WhiteTeamCountry "SVI"]
[BlackTeamCountry "MDV"]

1. e4 e5 2. d4 exd4 3. c3 dxc3 4. Nxc3 Bb4 5. Nf3 d6 6. Bc4 Bxc3+ 7. bxc3 Nc6 8. 0-0 Bg4 9. Qb3 Bxf3 10. Bxf7+ Kf8 11. Bxg8 Rxg8 12. gxf3 g5 13. c4 Ne5 14. Bb2 Ng6 15. c5 Nh4 16. cxd6 Qd7 17. Kh1 cxd6 18. Rad1 Qh3 19. Rg1 Qxf3+ 20. Qxf3+ Nxf3 21. Rg3 g4 22. h3 h5 23. hxg4 hxg4 24. Rxd6 Ke7 25. Rh6 Kd7 26. Rh7+ Kc6 27. Rg7 Rh8+ 28. Kg2 Rh2+ 29. Kf1 Rh1+ 30. Ke2 Re1+ 31. Kd3 Rd8+ 32. Kc3 Ne5 33. Kb3 Rxe4 34. Bxe5 Rxe5 35. R7xg4 Rd6 36. Rc4+ Kb6 37. f4 Rb5+ 38. Kc2 Rf6 39. Rf3 Rc5 40. Kd3 a5 41. Rxc5 Kxc5 42. Ke4 b5 43. f5 b4 44. Ke5 Rf8 45. f6 a4 46. f7 Kc4 47. Ke6 b3 1/2-1/2

[Event "Olympiad-44"]
[Site "Chennai"]
[Date "2022.07.30"]
[Round "2.1"]
[White "Thing, Bibek"]
[Black "Muhammed, Shuaau"]
[Result "1-0"]
[WhiteElo "2260"]
[BlackElo "1987"]
[PlyCount "91"]
[EventDate "2022.07.29"]
[EventType "team-swiss"]
[EventRounds "11"]
[EventCountry "IND"]
[SourceTitle "CBM 210"]
[Source "ChessBase"]
[SourceDate "2022.10.31"]
[SourceVersion "1"]
[SourceVersionDate "2022.10.31"]
[SourceQuality "1"]
[WhiteTeam "Nepal"]
[BlackTeam "Maldives"]
[WhiteTeamCountry "NEP"]
[BlackTeamCountry "MDV"]

1. e4 e5 2. Nf3 Nc6 3. Bc4 Nf6 4. d3 Be7 5. 0-0 0-0 6. a4 d5 7. exd5 Nxd5 8. Re1 Nb6 9. Bb5 f6 10. a5 Nd5 11. a6 Kh8 12. d4 exd4 13. Nxd4 Nxd4 14. Qxd4 bxa6 15. Bd3 Bb7 16. Bd2 f5 17. Qc4 c5 18. Ba5 Qd6 19. Nc3 Bf6 20. Bf1 Bd4 21. Nxd5 Bxd5 22. Qe2 f4 23. Qxa6 Qxa6 24. Bxa6 Bxb2 25. Rad1 Bg8 26. Re7 Rfe8 27. Rc7 Re5 28. h3 c4 29. Bb4 Re2 30. c3 h6 31. Rdd7 f3 32. gxf3 Re6 33. Bb7 Rg6+ 34. Kf1 Re8 35. Be4 Rg5 36. h4 Rge5 37. Rxg7 a5 38. Rg6 R5e6 39. Rxe6 Rxe6 40. Bxa5 Ra6 41. Bb4 Ra1+ 42. Ke2 Rh1 43. Rb7 Ba1 44. Kd2 Bb2 45. Bc5 Bc1+ 46. Kc2 1-0